000 00960nam a2200277 i 4500
001 171857
003 ES-MaACL
005 20240516063107.0
008 090603s1968 sp |||| | spa d
017 _aB 12314-1968
080 _a74 Pla Narbona, José
100 1 _aPla Narbona, José,
_d1928-2020
_9140483
245 1 0 _aPla Narbona
_b: dibuixos, dibujos, drawings /
_ctextos, Felipe Cid, Juan Rof Carballo, Salvador Espriu.
250 _a1ª ed.
260 _aBarcelona :
_bLlibres de Sinera,
_c[1968]
300 _a155 p. :
_bprincipalmente il. ;
_c30 cm.
490 1 _aGuernica ;
_v1
546 _aTextos en español, catalán e inglés.
700 1 _aCid, Felip,
_d1930-2015
_938758
700 1 _aRof Carballo, Juan,
_d1905-1994
_998915
700 1 _aEspriu, Salvador,
_d1913-1985
_947947
830 0 _aGuernica ;
_v1
_9223221
852 _aES-MaACL
_jC-56933
_9R.66418
999 _c171857
_d171857